Statistics for Biggest Cities in Otago

Click here to take the quiz!

General Stats

  • This quiz has been taken 7 times
  • The average score is 9 of 21

Answer Stats

PopulationSettlement% Correct
15,650Queenstown
100%
104,500Dunedin
75%
4,060Balclutha
75%
13,150Oamaru
75%
5,510Alexandra
75%
2,950Arrowtown
75%
940Palmerston
50%
2,100Milton
50%
5,440Cromwell
50%
8,900Wanaka
50%
13,400Mosgiel
50%
1,570Brighton
25%
1,170Clyde
25%
1,170Waikouaiti
25%
750Ranfurly
25%
750Tapanui
25%
3,690Lake Hayes Estate
0%
1,150Arthurs Point
0%
1,080Hāwea
0%
790Outram
0%
780Kaitangata
0%

Score Distribution

Percentile by Number Answered

Percent of People with Each Score

Your Score History

You have not taken this quiz